Barrons IELTS (Record no. 189339)

000 -LEADER
fixed length control field 00356nam a2200133Ia 4500
008 - FIXED-LENGTH DATA ELEMENTS--GENERAL INFORMATION
fixed length control field 220217s9999||||xx |||||||||||||| ||und||
020 ## - INTERNATIONAL STANDARD BOOK NUMBER
International Standard Book Number 9789387477001
082 ## - DEWEY DECIMAL CLASSIFICATION NUMBER
Classification number 428.24 LOU
100 ## - MAIN ENTRY--PERSONAL NAME
Personal name Lougheed, Lin
245 #0 - TITLE STATEMENT
Title Barrons IELTS
260 ## - PUBLICATION, DISTRIBUTION, ETC.
Place of publication, distribution, etc. New age international pvt. Ltd.
Name of publisher, distributor, etc. New Delhi
Date of publication, distribution, etc. 2018
300 ## - PHYSICAL DESCRIPTION
Extent VI, 522p.
Other physical details 499
650 ## - SUBJECT ADDED ENTRY--TOPICAL TERM
Topical term or geographic name entry element Placement
Holdings
Withdrawn status Lost status Damaged status Not for loan Collection code Home library Current library Date acquired Total Checkouts Full call number Barcode Date last seen Date last checked out Price effective from Koha item type
        Humanity Science Central Library Central Library 02/18/2022 1 428.24 LOU 24528 08/01/2023 07/19/2023 02/18/2022 Books

Powered by Koha